[Event "Graticolato op-B U1700 8th"]
[Site "Santa Maria di Sala"]
[Date "2000.11.19"]
[Round "3.3"]
[White "Calzavara, Andrea"]
[Black "Gomez De Ayala, Paolo"]
[Result "0-1"]
[WhiteElo "1500"]
[BlackElo "1650"]
[PlyCount "149"]
[EventDate "2000.11.18"]
[EventType "swiss"]
[EventRounds "6"]
[EventCountry "ITA"]
[SourceTitle "EXT 2023"]
[Source "ChessBase"]
[SourceDate "2022.10.05"]
[SourceVersion "1"]
[SourceVersionDate "2022.10.05"]
[SourceQuality "1"]

1. d4 Nf6 2. c4 e6 3. Nc3 Bb4 4. Bg5 0-0 5. e4 h6 6. Bxf6 Qxf6 7. Nf3 b6 8. a3 Bxc3+ 9. bxc3 Bb7 10. Bd3 d6 11. 0-0 e5 12. d5 Nd7 13. Nd2 Nc5 14. Bc2 Bc8 15. Nb3 Na4 16. Qd3 Qg6 17. Rab1 f5 18. Nd2 Nc5 19. Qg3 Qxg3 20. hxg3 fxe4 21. Nxe4 Nxe4 22. Bxe4 Ba6 23. Bd3 Rf6 24. a4 Raf8 25. f3 Bc8 26. a5 g5 27. axb6 axb6 28. Ra1 h5 29. Ra7 R8f7 30. Ra8 Rf8 31. Rb8 Kg7 32. Ra1 Bf5 33. Rxf8 Rxf8 34. Bxf5 Rxf5 35. Ra7 Rf7 36. Kh2 Kf6 37. Ra8 g4 38. Rh8 Kg6 39. Rc8 Kf5 40. Kg1 Kg5 41. Kf2 Kf5 42. Rh8 Kg5 43. Ke3 Kg6 44. Re8 Kf5 45. f4 exf4+ 46. gxf4 h4 47. Rh8 Re7+ 48. Kf2 Kxf4 49. Rxh4 Re4 50. g3+ Kg5 51. Rh1 Rxc4 52. Rc1 Ra4 53. Rc2 Kf5 54. Ke3 Ke5 55. Rd2 Ra3 56. Rd3 b5 57. Kd2 Ra4 58. Kc2 Ke4 59. Rd1 Ra2+ 60. Kb3 Rg2 61. Kb4 Rxg3 62. Kxb5 Rxc3 63. Rg1 g3 64. Kb4 Rf3 65. Kb5 Kxd5 66. Rd1+ Ke4 67. Kc6 Rc3+ 68. Kb5 g2 69. Kb4 Rg3 70. Rg1 Kf3 71. Kb5 Kf2 72. Rxg2+ Rxg2 73. Kc6 Rg7 74. Kd5 Ke3 75. Kc4 0-1

[Event "Graticolato op-A U1900 7th"]
[Site "Santa Maria di Sala"]
[Date "1999.11.28"]
[Round "5.3"]
[White "Gomez De Ayala, Paolo"]
[Black "Rizzardi, Franco"]
[Result "0-1"]
[WhiteElo "1647"]
[BlackElo "1633"]
[PlyCount "86"]
[EventDate "1999.11.20"]
[EventType "swiss"]
[EventRounds "6"]
[EventCountry "ITA"]
[SourceTitle "EXT 2023"]
[Source "ChessBase"]
[SourceDate "2022.10.05"]
[SourceVersion "1"]
[SourceVersionDate "2022.10.05"]
[SourceQuality "1"]

1. d4 d5 2. c4 c6 3. Nc3 Nf6 4. Bf4 e6 5. e3 Bd6 6. Bg5 h6 7. Bh4 Nbd7 8. f4 Qa5 9. c5 Be7 10. Nf3 b6 11. Bxf6 Bxf6 12. cxb6 axb6 13. Nd2 c5 14. Nb3 Qa7 15. Nb5 Qb8 16. g3 0-0 17. Nd2 Ba6 18. Nf3 Be7 19. b3 Rd8 20. a4 cxd4 21. exd4 Bb4+ 22. Kf2 Rc8 23. Rc1 Qb7 24. Rxc8+ Rxc8 25. Bd3 Nf6 26. Qe2 Bxb5 27. Bxb5 Ne4+ 28. Kg2 Rc3 29. Rb1 Qc7 30. Bd3 Qc6 31. Ne5 Qb7 32. Ba6 Qc7 33. Bd3 f5 34. Kh3 Bd6 35. Nf3 Rxd3 36. Nh4 Rd2 37. Qb5 Nf2+ 38. Kg2 Ng4+ 39. Kg1 Qc8 40. Qxb6 Be7 41. Ng6 Bf6 42. Re1 Nxh2 43. Rxe6 Qc1+ 0-1